000 00578nam a2200193 i 4500
001 96646
003 ES-MaACL
007 t|
008 050629s1973 fr ||||1| fre d
100 1 _aMandrou, Robert.
_975964
245 1 0 _aLuis XIV en son temps
_b: 1661-1715 /
_cpar Robert Mandrou.
250 _a[1ยช ed.].
260 _aParis :
_bPresses Universitaires de France,
_c1973.
300 _a579 p. ;
_c22 cm.
490 1 _aPeuples et civilisations ;
_vX
830 0 _aPeuples et civilisations ;
_vX
_9183588
852 _aES-MaACL
_jE-5575
_bR.89857
999 _c96646
_d96646